000 00612nam a2200217 i 4500
001 bg
100 1 _aBOLTEN, Jürgen
245 1 0 _aMarktchance Wirtschaftsdeutsch :
_bMittelstufe : Begleitheft mit Tests und Transkriptionen : Kopiervorlagen /
_cJürgen Bolten.
260 _aMünchen :
_bKlett,
_c1993.
300 _a46 s. ;
_c28 cm.
650 9 _aJęzyk niemiecki
655 _aPodręczniki
655 _aSprawdziany i testy
020 _a3126751423
040 _cBPK
041 0 _ade
080 _a803.0:33](07)
920 _a3-12-675142-3
942 _cKS
008 s pl f |000 0 pol
999 _c6598
_d6598
856 _uhttp://koha.tu.koszalin.pl/cgi-bin/koha/opac-detail.pl?biblionumber=6598
_yKatalog online BPK